| 000 | 00332nam a22001217a 4500 | ||
|---|---|---|---|
| 008 | 190313b xxu||||| |||| 00| 0 eng d | ||
| 041 | _aeng | ||
| 080 | _a043.3 | ||
| 100 | _a0 | ||
| 101 | _aMBE-BA | ||
| 245 |
_aDalliimi në mes Bankës Qendrore Evropiane (BCE) dhe sistemit të reservës federale (FED) _cHoxha,B |
||
| 942 |
_2udc _cBK |
||
| 999 |
_c54752 _d54752 |
||